Data communications and networking /

Bibliographic Details
Main Author: Forouzan, Behrouz A.
Other Authors: Fegan, Sophia Chung
Format: Book
Language:English
Published: New York : New Delhi : McGraw-Hill Higher Education ; McGraw-Hill Education India Pvt. Ltd., c2007 [reprinted 2009].
Edition:Fourth edition.
Series:McGraw-Hill Forouzan networking series.
Subjects:
Classic Catalogue: View this record in Classic Catalogue
LEADER 03373nam a2200457 a 4500
001 17404
003 BD-DhAAL
008 100103r20092007nyua b 001 0 eng d
010 |a \\2006000013 
020 |a 0073250325 (hard copy : alk. paper) 
020 |a 0072967757 (hard copy : alk. paper) 
020 |a 9780073250328 
020 |a 9780072967753 
020 |a 9780070634145 
020 |a 0070634149 
040 |a DLC  |c DLC  |d YDX  |d XVF  |d BAKER  |d DLC  |d BD-DhAAL 
082 0 0 |a 004.6  |2 22 
100 1 |a Forouzan, Behrouz A. 
245 1 0 |a Data communications and networking /  |c Behrouz A. Forouzan with Sophia Chung Fegan. 
250 |a Fourth edition. 
260 |a New York :  |b McGraw-Hill Higher Education ;  |a New Delhi :  |b McGraw-Hill Education India Pvt. Ltd.,  |c c2007 [reprinted 2009]. 
300 |a xxxiv, 1134 pages :  |b illustrations ;  |c 24 cm 
490 0 |a McGraw-Hill Forouzan networking series 
504 |a Includes bibliographical references (pages 1107-1110) and index. 
526 |a MNS  |x Mahabobe Shobahani Faculty Member of BRAC University Course Name : Telecommunication Switching Systems (ECE 330) 
541 1 |e 17404, 17405, 19708  |a Essence Science Publications 
650 0 |a Data transmission systems. 
650 0 |a Computer networks. 
700 1 |a Fegan, Sophia Chung.  |9 57757 
830 |a McGraw-Hill Forouzan networking series.  |9 57758 
852 4 |a Ayesha Abed Library  |c General Stacks 
942 0 0 |0 4  |2 ddc  |c BK 
999 |c 6616  |d 6616 
952 |0 0  |1 3  |2 ddc  |4 0  |6 004_600000000000000_FOR  |7 0  |9 4328  |a BRACUL  |b BRACUL  |c GEN  |d 2009-10-14  |e Attractive Books  |g 1000.00  |l 15  |m 123  |o 004.6 FOR  |p 3010019351  |r 2019-10-09  |s 2016-08-31  |t 3  |w 2009-10-14  |y BK  |x Book lost and cost paid BDT-2000/- (Barcode: 3010019351, ID: 12301023, Money Receipt No: 39890, Date: 09-10-2019) 
952 |0 0  |1 0  |2 ddc  |4 0  |6 004_600000000000000_FOR_2009  |7 0  |9 4329  |a BRACUL  |b BRACUL  |c GEN  |d 2009-10-14  |g 1000.00  |l 44  |m 359  |o 004.6 FOR  |p 3010019352  |r 2026-01-15  |s 2025-11-04  |t 4  |w 2009-10-14  |y BK 
952 |0 0  |1 0  |2 ddc  |4 0  |6 004_600000000000000_FOR_2009  |7 0  |9 4631  |a BRACUL  |b BRACUL  |c GEN  |d 2009-10-24  |g 760.00  |l 47  |m 308  |o 004.6 FOR  |p 3010019454  |r 2025-11-19  |s 2025-10-29  |t 5  |w 2009-10-25  |y BK 
952 |0 0  |1 0  |2 ddc  |4 0  |6 004_600000000000000_FOR_2009  |7 0  |9 4632  |a BRACUL  |b BRACUL  |c GEN  |d 2009-10-24  |g 560.00  |l 56  |m 362  |o 004.6 FOR  |p 3010019455  |r 2026-04-27  |s 2026-02-08  |t 6  |v 1120.00  |w 2009-10-25  |y BK 
952 |0 0  |1 0  |2 ddc  |4 0  |6 004_600000000000000_FOR_2006  |7 0  |9 6780  |a BRACUL  |b BRACUL  |c GEN  |d 2010-01-03  |e Trust Line International  |l 53  |m 387  |o 004.6 FOR  |p 3010019708  |r 2026-05-12  |s 2026-02-05  |t 7  |w 2010-01-03  |y BK 
952 |0 0  |1 0  |2 ddc  |4 0  |6 004_600000000000000_FOR_2006  |7 0  |9 6781  |a BRACUL  |b BRACUL  |c GEN  |d 2010-01-03  |e Trust Line International  |l 54  |m 399  |o 004.6 FOR  |p 3010019709  |r 2026-05-13  |s 2026-02-26  |t 8  |w 2010-01-03  |y BK 
952 |0 0  |1 0  |2 ddc  |4 0  |6 004_600000000000000_FOR_2006  |7 0  |9 9803  |a BRACUL  |b BRACUL  |c GEN  |d 2010-05-05  |e Essence Science Publications  |g 613.00  |l 46  |m 355  |o 004.6 FOR  |p 3010017405  |r 2026-01-12  |s 2025-07-16  |t 2  |w 2010-05-05  |y BK  |x Requisitioned by Mahabobe Shobahani for the course named- "Telecommunication Switching Systems (ECE 330)" 
952 |0 0  |1 0  |2 ddc  |4 0  |6 004_600000000000000_FOR  |7 0  |9 13153  |a BRACUL  |b BRACUL  |c GEN  |d 2010-11-07  |e Essence Science Publications  |g 613.00  |l 42  |m 364  |o 004.6 FOR  |p 3010017404  |q 2026-05-19  |r 2026-03-02  |s 2026-03-02  |t 1  |w 2010-11-07  |y BK  |x Requisitioned by Mahabobe Shobahani for the course named- "Telecommunication Switching Systems (ECE 330)".